Österreich. Tschechien. Geteilt - getrennt - vereint
| Titel: | Österreich. Tschechien. Geteilt - getrennt - vereint : Nachlese zur Niederösterreichischen Landesausstellung 2009 / Stefan Karner ... [Ludwig-Boltzmann-Institut für Kriegsfolgen-Forschung] |
|---|---|
| Beteiligt: | |
| Körperschaft: | |
| Veröffentlicht: | Graz : Verein zur Förderung der Forschung von Folgen nach Konflikten und Kriegen, 2009 |
| Umfang: | 111 Seiten : Illustrationen ; 28 cm |
| Format: | Buch |
| Sprache: | Deutsch |
| Schriftenreihe/ mehrbändiges Werk: |
Veröffentlichungen des Ludwig-Boltzmann-Instituts für Kriegsfolgen-Forschung, Graz-Wien-Klagenfurt ; Bd. 13 |
| ISBN: | 9783901661280 |
| Hinweise zum Inhalt: |
Inhaltsverzeichnis
|
alg: 22549718 001A $06000:22-07-10 001B $01999:13-02-26 $t13:32:27.000 001D $06000:22-07-10 001U $0utf8 001X $00 002@ $0Aaxaf 002C $aText $btxt $2rdacontent 002C $aunbewegtes Bild $bsti $2rdacontent 002D $aohne Hilfsmittel zu benutzen $bn $2rdamedia 002E $aBand $bnc $2rdacarrier 003@ $0225497182 003O $0649527188 $aOCoLC 004A $A978-3-901661-28-0 $fkart. 006G $01003994237 006U $010,B29 $f20100630 007A $01003994237 $aDNB 007G $0DE0206B75CBD3F94194ECC1258607004DDE74 009P $qapplication/pdf $A2 $3Inhaltsverzeichnis $uhttps://scans.hebis.de/HEBCGI/show.pl?22549718_toc.pdf $mV:DE-603;B:DE-Mb50 010@ $ager 011@ $a2009 $n2009 013D $RKatalog $#Exhibition catalogs $#Expositions $#Cataloghi di esposizioni $#Ausstellungskatalog $74135467-9 $8Ausstellungskatalog [Tsz] $9085499846 $y2009 $zHorn, Niederösterreich u.a. 017A $asf 021A $aÖsterreich. Tschechien. Geteilt - getrennt - vereint $dNachlese zur Niederösterreichischen Landesausstellung 2009 $hStefan Karner ... [Ludwig-Boltzmann-Institut für Kriegsfolgen-Forschung] 028C $#Karner, Stefan $#Karner, S. $7122547071 $8Karner, Stefan$Z1952- [Tp1] $9153685867 029F $#NÖ Landesausstellung, Horn, Niederösterreich u.a. 2009 $#Landesausstellung, Horn, Niederösterreich u.a. 2009 $#Niederösterreichische Landesausstellung Österreich. Tschechien. Geteilt - Getrennt - Vereint, Horn, Niederösterreich u.a. 2009 $#NÖ Landesausstellung Österreich. Tschechien. Geteilt - Getrennt - Vereint, Horn, Niederösterreich u.a. 2009 $#Landesausstellung Österreich. Tschechien. Geteilt - Getrennt - Vereint, Horn, Niederösterreich u.a. 2009 $#NÖ Landesausstellung 09 Horn.Raabs.Telč. $716178701-0 $8Niederösterreichische Landesausstellung$d2009$cHorn, Niederösterreich u.a. [Tf1] $9273721380 033A $pGraz $nVerein zur Förderung der Forschung von Folgen nach Konflikten und Kriegen 034D $a111 Seiten 034I $a28 cm 034M $aIllustrationen 036E $aVeröffentlichungen des Ludwig-Boltzmann-Instituts für Kriegsfolgen-Forschung, Graz-Wien-Klagenfurt $lBd. 13 036F $x213 $8Veröffentlichungen des Ludwig-Boltzmann-Institutes für Kriegsfolgen-Forschung, Graz - Wien - Raabs $9055630677 $lBd. 13 037A $aLiteraturangaben 044K $RBöhmische Länder $RČeská SR $RTschechoslowakei $#Tschechien $#Tschechische Republik $#Tschechien $#Tschechische Republik $#Tschechenland $#Tschechei Tschechien $#Česká Republika $#Czech Republic $#ČR $74303381-7 $8Tschechien [Tg1] $9086659812 044K $RProtektorat Böhmen und Mähren $RBöhmische Länder $RTschechoslowakei $#Böhmen $#Čech $#Königreich Böhmen $#České Království $#Království České $#Kronland Böhmen $#Čechy $#Ceské Království $#Království Ceské $74007467-5 $8Böhmen [Tg1] $9085012173 044K $RProtektorat Böhmen und Mähren $RSlowakei $RSlowakei $RTschechien $#Tschechoslowakei $#Tschechoslowakei $#Tschechoslowakei $#Tschechische und Slowakische Föderative Republik $#République Tchéco-Slovaque $#Tchécoslovaquie $#Československá Federativní Republika $#Česká a Slovenská Federativní Republika $#Czech and Slovak Federal Republic $#ČSFR $#ČSSR $#ČSR $#RČS $#Československo $#Československá Socialistická Republika $#Československá Republika $#Tschechoslowakische Sozialistische Republik $#Tschechoslowakische Republik $#Tschechoslowakische Föderative Republik $#Republika Československá $#Czechoslovakia $#Čechoslovakische Republik $#République Tchécho-Slovaque $#Tchéchoslovaquie $#Czechoslovak Socialist Republic $#Checoeslovaquia $#Cecoslovacchia $#Čechoslovakija $#République tchécoslovaque $74078435-6 $8Tschechoslowakei [Tg1] $9085222305 044K $#Niederösterreich $#Niederösterreich $#Bundesland Niederösterreich $#Lower Austria $#NÖ $#Österreich unter der Enns $#Österreich nid der Enns $#Kronland Nieder-Oesterreich $#Erzherzogtum Österreich unter der Enns $#Land Niederösterreich $#Oesterreich unter der Enns $#Oesterreich nid der Enns $74075391-8 $8Niederösterreich [Tg1] $9085212857 044K $RRelation $#Beziehungen $#Wechselbeziehung $#Beziehungen $74145198-3 $8Beziehung [Ts1] $9085577189 044K $RKulturphilosophie $RZivilisation $#Civilization $#Culture $#Civilisation $#Culture $#Cultura $#Civilización $#Kultur $#Kultur $#kulturelle Faktoren $74125698-0 $8Kultur [Tsz] $9085424803 045E $c940 045F $a943.605 $eDDC22ger 045F/01 $a943.605 045G $a900.943710904 $eDDC23BSB 045G/01 $a900 045G/03 $f0903 045G/03 $f0904 045G/03 $g4371 045G/03 $g436 045R $aGeschichte 1501-2000 lok: 22549718 24 exp: 22549718 24 1 #EPN 201B/01 $003-06-20 $t14:26:18.000 201C/01 $026-05-20 201U/01 $0utf8 203@/01 $01107805279 208@/01 $a03-06-20 $bz 209A/01 $a20.01352 $du $f050 $h20 01352 $x00 209C/01 $a20.01352 G $h20 01352 G 209G/01 $a74186025 $x00 220C/01 $ahae 247C/01 $8358050-7Marburg, Bibliothek des Herder-Instituts Marburg $9102600961
| LEADER | 00000cam a22000002c 4500 | ||
|---|---|---|---|
| 001 | 225497182 | ||
| 003 | DE-603 | ||
| 005 | 20260213133227.0 | ||
| 007 | tu | ||
| 008 | 100722s2009 xx |||| | u00||u|ger | ||
| 015 | |a 10,B29 |2 dnb | ||
| 016 | 7 | |2 DE-101 |a 1003994237 | |
| 020 | |a 9783901661280 |c kart. | ||
| 035 | |a (DE-599)DNB1003994237 | ||
| 035 | |a (OCoLC)649527188 | ||
| 040 | |a DE-603 |b ger |c DE-603 |d DE-603 | ||
| 041 | |a ger | ||
| 082 | 0 | 4 | |8 1\u |a 943.605 |q DE-101 |2 22/ger |
| 083 | 0 | |8 2\u |a 900.943710904 |q DE-101 |2 23/BSB | |
| 084 | |a 940 |q DE-101 |2 sdnb | ||
| 085 | |8 1\u |b 943.605 | ||
| 085 | |8 2\u |b 900 | ||
| 085 | |8 2\u |z 1 |s 0903 | ||
| 085 | |8 2\u |z 1 |s 0904 | ||
| 085 | |8 2\u |z 2 |s 4371 | ||
| 085 | |8 2\u |z 2 |s 436 | ||
| 090 | |a b | ||
| 245 | 0 | 0 | |a Österreich. Tschechien. Geteilt - getrennt - vereint |b Nachlese zur Niederösterreichischen Landesausstellung 2009 |c Stefan Karner ... [Ludwig-Boltzmann-Institut für Kriegsfolgen-Forschung] |
| 264 | 1 | |a Graz |b Verein zur Förderung der Forschung von Folgen nach Konflikten und Kriegen |c 2009 | |
| 300 | |a 111 Seiten |b Illustrationen |c 28 cm | ||
| 336 | |a Text |b txt |2 rdacontent | ||
| 336 | |a unbewegtes Bild |b sti |2 rdacontent | ||
| 337 | |a ohne Hilfsmittel zu benutzen |b n |2 rdamedia | ||
| 338 | |a Band |b nc |2 rdacarrier | ||
| 490 | 1 | |a Veröffentlichungen des Ludwig-Boltzmann-Instituts für Kriegsfolgen-Forschung, Graz-Wien-Klagenfurt |v Bd. 13 | |
| 500 | |a Literaturangaben | ||
| 648 | 7 | |a Geschichte 1501-2000 |2 gnd | |
| 650 | 7 | |a Beziehung |0 (DE-588)4145198-3 |0 (DE-603)085577189 |2 gnd | |
| 650 | 7 | |a Kultur |0 (DE-588)4125698-0 |0 (DE-603)085424803 |2 gnd | |
| 651 | 7 | |a Tschechien |0 (DE-588)4303381-7 |0 (DE-603)086659812 |2 gnd | |
| 651 | 7 | |a Böhmen |0 (DE-588)4007467-5 |0 (DE-603)085012173 |2 gnd | |
| 651 | 7 | |a Tschechoslowakei |0 (DE-588)4078435-6 |0 (DE-603)085222305 |2 gnd | |
| 651 | 7 | |a Niederösterreich |0 (DE-588)4075391-8 |0 (DE-603)085212857 |2 gnd | |
| 655 | 7 | |a Ausstellungskatalog |y 2009 |z Horn, Niederösterreich u.a. |2 gnd-content |0 (DE-588)4135467-9 |0 (DE-603)085499846 | |
| 700 | 1 | |a Karner, Stefan |d 1952- |0 (DE-603)153685867 |0 (DE-588)122547071 |2 gnd | |
| 711 | 2 | |a Niederösterreichische Landesausstellung |d 2009 |c Horn, Niederösterreich u.a. |0 (DE-603)273721380 |0 (DE-588)16178701-0 |2 gnd | |
| 810 | 2 | 2 | |a Ludwig Boltzmann Institut für Kriegsfolgenforschung |t Veröffentlichungen des Ludwig-Boltzmann-Institutes für Kriegsfolgen-Forschung, Graz - Wien - Raabs |v Bd. 13 |w (DE-603)055630677 |w (DE-600)2015831-2 |9 213 |7 as |
| 856 | 4 | 2 | |m V:DE-603;B:DE-Mb50 |q application/pdf |u https://scans.hebis.de/HEBCGI/show.pl?22549718_toc.pdf |3 Inhaltsverzeichnis |
| 924 | 0 | |9 Mb 50 |a (DE-603)1107805279 |b DE-Mb50 |c HES |d c |g 20.01352 | |


